[Event "Rouen op 9th"]
[Site "Rouen"]
[Date "2016.12.17"]
[Round "1"]
[White "Schmitt, Mathieu"]
[Black "Grignoux, Yannick"]
[Result "1-0"]
[WhiteElo "1928"]
[BlackElo "1481"]
[PlyCount "57"]
[EventDate "2016.12.17"]
[EventType "swiss"]
[EventRounds "7"]
[EventCountry "FRA"]
[SourceTitle "CBM 176 Extra"]
[Source "ChessBase"]
[SourceDate "2017.03.02"]
[SourceVersion "1"]
[SourceVersionDate "2017.03.02"]
[SourceQuality "1"]

1. b4 e5 2. Bb2 Bxb4 3. Bxe5 Nf6 4. Nc3 d6 5. Bxf6 gxf6 6. Nd5 Bc5 7. e3 c6 8. Nf4 Rg8 9. Qh5 Rg7 10. Qh6 Rg6 11. Qxh7 Rg5 12. Nf3 Rf5 13. Qh8+ Ke7 14. Qxd8+ Kxd8 15. Bd3 Na6 16. c3 Nc7 17. Bxf5 Bxf5 18. Ke2 Bg4 19. h3 Bf5 20. a4 Kd7 21. d4 Bb6 22. a5 Bxa5 23. Rxa5 Be4 24. Nd2 Nb5 25. Rxb5 Bxg2 26. Rxb7+ Kc8 27. Rhb1 Bd5 28. Nxd5 cxd5 29. Rxf7 1-0